Busiest Flight Destinations from Istanbul - Statistics

General Stats
  • This quiz has been taken 983 times
  • The average score is 14 of 20
Answer Stats
Rank Destination % Correct
3 London
96%
8 Paris
94%
4 Rome
89%
7 Madrid
87%
5 New York
87%
13 Berlin
85%
18 Athens
81%
1 Frankfurt
81%
6 Dubai
79%
2 Amsterdam
77%
9 Munich
76%
12 Milan
70%
11 Vienna
62%
20 Beijing
61%
14 Zurich
52%
17 Singapore
42%
16 Chicago
39%
15 Dusseldorf
38%
19 Toronto
35%
10 Seoul
32%
No matching quizzes found
Score Distribution
Percent of People with Each Score
Percentile by Number Answered
Your Score History
You have not taken this quiz